Estados de EE. UU. con el Menor Número de Fronteras - Estadísticas

Estadísticas generales
  • Esta prueba ha sido intentada 2.104 veces
  • La puntuación promedio es 5 de 7
Estadísticas de respuestas
# Estado % Correcto
0 Alaska
98%
0 Hawái
97%
2 Florida
86%
1 Maine
81%
2 Washington
75%
2 Rhode Island
68%
2 Carolina del Sur
26%
No se encontraron pruebas coincidentes
Distribución de puntuación
Porcentaje de gente con cada puntuación
Porcentaje por número respondido
Historial de tus puntuaciones
No has intentado esta prueba.